Transistores / (Record no. 124194)

MARC details
000 -LEADER
campo de control de longitud fija 00685nam a2200229 4500
001 - NÚMERO DE CONTROL
campo de control 124194
003 - IDENTIFICADOR DE NÚMERO DE CONTROL
campo de control ES-MaACL
005 - FECHA Y HORA DE LA ÚLTIMA TRANSACCIÓN
campo de control 20230906192337.0
007 - CAMPO FIJO DE DESCRIPCIÓN FÍSICA--INFORMACIÓN GENERAL
campo de control de longitud fija t|
008 - DATOS DE LONGITUD FIJA--INFORMACIÓN GENERAL
campo de control de longitud fija 070214s1981 sp r ||||1| spa d
100 1# - ENTRADA PRINCIPAL--NOMBRE DE PERSONA
Nombre de persona Reddihough, J. A.
9 (RLIN) 95788
245 10 - MENCIÓN DEL TÍTULO
Título Transistores /
Mención de responsabilidad, etc. J. A. Reddihough, I. R. Sinclair ; versión de J. de la Rubia Pacheco.
250 ## - MENCION DE EDICION
Mención de edición 1ª ed.
260 ## - PUBLICACIÓN, DISTRIBUCIÓN, ETC.
Lugar de publicación, distribución, etc. Madrid :
Nombre del editor, distribuidor, etc. Alhambra,
Fecha de publicación, distribución, etc. 1981.
300 ## - DESCRIPCIÓN FÍSICA
Extensión VIII, 200 p. :
Otras características físicas il. ;
Dimensiones 19 cm.
490 1# - MENCIÓN DE SERIE
Mención de serie Zairos
700 1# - ENTRADA AGREGADA--NOMBRE PERSONAL
Nombre de persona Sinclair, Ian Robertson.
9 (RLIN) 106611
700 1# - ENTRADA AGREGADA--NOMBRE PERSONAL
Nombre de persona Rubia Pacheco, Juan de la.
9 (RLIN) 100308
830 0# - PUNTO DE ACCESO ADICIONAL DE SERIE-TÍTULO UNIFORME
Título uniforme Zairos
9 (RLIN) 181794
852 ## - LOCALIZACIÓN
Ubicación ES-MaACL
Número de control de estantería L-1149
Sublocalización o colección R.101740
Holdings
Estatus retirado Estado de pérdida Estado de daño No para préstamo Biblioteca de origen Biblioteca actual Ubicación en estantería Fecha de adquisición Fuente de adquisición Total de préstamos Signatura topográfica completa Código de barras Visto por última vez Precio de reemplazo Tipo de ítem Koha
        Biblioteca del Ateneo de Madrid Biblioteca del Ateneo de Madrid Depósito 2 17/01/2008     L-1149 1129384 23/02/2023 23/02/2023 Libro impreso